Statistics for Golf - FedEx Cup Winners by year

Click here to take the quiz!

General Stats

  • This quiz has been taken 16 times
  • The average score is 11 of 16

Answer Stats

HintAnswer% Correct
2020Dustin Johnson
100%
2009Tiger Woods
100%
2007Tiger Woods
100%
2022Rory McIlroy
93%
2019Rory McIlroy
93%
2016Rory McIlroy
93%
2015Jordan Spieth
86%
2017Justin Thomas
86%
2021Patrick Cantlay
64%
2008Vijay Singh
64%
2010Jim Furyk
50%
2013Henrik Stenson
43%
2018Justin Rose
43%
2011Bill Haas
36%
2014Billy Horschel
36%
2012Brandt Snedeker
29%

Score Distribution

Percentile by Number Answered

Percent of People with Each Score

Your Score History

You have not taken this quiz